Fundamentals of Computer Design (Record no. 191633)
[ view plain ]
| 000 -LEADER | |
|---|---|
| fixed length control field | 00844 a2200133 4500 |
| 003 - CONTROL NUMBER IDENTIFIER | |
| control field | Nust |
| 005 - DATE AND TIME OF LATEST TRANSACTION | |
| control field | 20170207154020.0 |
| 040 ## - CATALOGING SOURCE | |
| Transcribing agency | Nust |
| 100 ## - MAIN ENTRY--PERSONAL NAME | |
| Personal name | Monty Python’s Flying Circus |
| 245 ## - TITLE STATEMENT | |
| Title | Fundamentals of Computer Design |
| Remainder of title | And now for something completely different (E-Book) |
| Statement of responsibility, etc. | Monty Python’s Flying Circus |
| 300 ## - PHYSICAL DESCRIPTION | |
| Extent | 1141 P; |
| 505 ## - FORMATTED CONTENTS NOTE | |
| Formatted contents note | Introduction (Page-1) The Task of a Computer Designer (Page-4) Technology Trends (Page-11) Cost, Price and their Trends (Page-14) Measuring and Reporting Performance (Page-25) Quantitative Principles of Computer Design (Page-40) Putting It All Together: Performance and Price-Performance (Page-49 ) Another View: Power Consumption and Efficiency as the Metric (Page-58) Fallacies and Pitfalls (Page-59) Concluding Remarks (Page-69) Historical Perspective and References (Page-70) |
| 651 ## - SUBJECT ADDED ENTRY--GEOGRAPHIC NAME | |
| Geographic name | (E-Book) |
| 942 ## - ADDED ENTRY ELEMENTS (KOHA) | |
| Source of classification or shelving scheme | |
| Koha item type | Book |
| Withdrawn status | Lost status | Source of classification or shelving scheme | Damaged status | Not for loan | Collection code | Permanent Location | Current Location | Date acquired | Total Checkouts | Barcode | Date last seen | Price effective from | Koha item type |
|---|---|---|---|---|---|---|---|---|---|---|---|---|---|
| Military College of Signals (MCS) | Military College of Signals (MCS) | 12/12/2016 | MCSEB-395 | 12/08/2016 | 12/12/2016 | Book |
